La otra América
Guardat en:
| Autor principal: | |
|---|---|
| Format: | Llibre |
| Idioma: | espanyol |
| Publicat: |
Madrid
Alianza
1974
|
| Col·lecció: | El Libro de Bolsillo Alianza. Sección Humanidades, 553
|
| Matèries: | |
| Etiquetes: |
Afegir etiqueta
Sense etiquetes, Sigues el primer a etiquetar aquest registre!
|
MARC
| LEADER | 00000nam a2200000 a 4500 | ||
|---|---|---|---|
| 001 | UCI9569 | ||
| 003 | CL-VaPUC | ||
| 008 | 081128e19740000SP |||||||||||||||||spa|d | ||
| 020 | |a 8420615536 | ||
| 082 | 0 | 4 | |a Ve864 |b USL |2 21 |
| 100 | 0 | |a Uslar Pietri, Arturo |e author |9 518244 | |
| 245 | 1 | 3 | |a La otra América |
| 300 | |a 238 p | ||
| 942 | |c BK | ||
| 945 | |d 20081128 00:00:00 |a rbrito | ||
| 260 | |a Madrid |b Alianza |c 1974 | ||
| 650 | 0 | |a Ensayos venezolanos |9 437013 | |
| 583 | |a last modification |c 20081128 00:00:00 |k Rodrigo Vera | ||
| 490 | 0 | |a El Libro de Bolsillo Alianza. Sección Humanidades, 553 | |
| 999 | |c 332083 |d 332081 | ||
| 952 | |0 0 |1 0 |4 0 |6 VE_864_000000000000000_USL_1974 |7 0 |8 A |9 419453 |a BIBHIS |b BIBHIS |d 2019-11-22 |i 4500156 |o Ve864 USL 1974 |p 4500156 |r 2025-01-20 |w 2019-11-22 |y BK |k HIS | ||